[Event "35. DSenEM 65+"]
[Site "Bad Wildungen"]
[Date "2023.07.17"]
[Round "1.50"]
[White "Otten, Arnold"]
[Black "Walther, Reinhard"]
[Result "0-1"]
[WhiteElo "1494"]
[BlackElo "1953"]
[PlyCount "56"]
[EventDate "2023.??.??"]
[WhiteTeam "ESV Rot-Weiss Goettingen"]
[BlackTeam "SK 1911 Herzogenaurach e.V."]

1. d4 d5 2. Nf3 Nf6 3. c4 c6 4. cxd5 cxd5 5. Nc3 e6 6. Bg5 h6 7. Bh4 Qb6 8. Bxf6 Qxb2 9. Rc1 Bb4 10. Qd2 Qxd2+ 11. Nxd2 gxf6 12. Nb5 Na6 13. a3 Bd7 14. e3 Be7 15. Be2 Bc6 16. O-O Kd7 17. Rc3 Rhc8 18. Rfc1 Nc7 19. Nxc7 Rxc7 20. Bb5 Rac8 21. a4 Bxb5 22. Rxc7+ Rxc7 23. Rxc7+ Kxc7 24. axb5 Kb6 25. Kf1 Kxb5 26. Ke2 a5 27. Kd3 Bb4 28. Nb1 a4 0-1

[Event "35. DSenEM 65+"]
[Site "Bad Wildungen"]
[Date "2023.07.17"]
[Round "1.51"]
[White "Brettschneider, Karl"]
[Black "Ludwig, Richard"]
[Result "1-0"]
[WhiteElo "1949"]
[BlackElo "1489"]
[PlyCount "85"]
[EventDate "2023.??.??"]
[WhiteTeam "SC Leinfelden"]
[BlackTeam "SV Irxleben von 1919"]

1. c4 e5 2. Nc3 Nf6 3. g3 Be7 4. Bg2 O-O 5. e3 d6 6. Nge2 Nc6 7. d4 Nb8 8. O-O Nbd7 9. b3 Rb8 10. Bb2 b6 11. d5 a6 12. a4 Bb7 13. b4 Re8 14. a5 Bf8 15. e4 Ra8 16. Qd3 h6 17. axb6 cxb6 18. Rfc1 g5 19. Nd1 Nh7 20. Ne3 Bc8 21. Nc3 Ndf6 22. Ncd1 h5 23. f3 Bd7 24. Nf2 Bc8 25. h3 Bd7 26. g4 h4 27. Nf5 Bxf5 28. exf5 Nd7 29. Ne4 f6 30. Ra2 Qb8 31. Bc3 Rc8 32. Bf1 Be7 33. Rca1 Rc7 34. Rxa6 Rxa6 35. Rxa6 Rb7 36. Qc2 Ra7 37. Qa4 Rxa6 38. Qxa6 Nhf8 39. Bd2 Bd8 40. Be3 Qc7 41. Nc3 Nb8 42. Qa8 Nfd7 43. Nb5 1-0

[Event "35. DSenEM 65+"]
[Site "Bad Wildungen"]
[Date "2023.07.17"]
[Round "1.52"]
[White "Partsch, Manfred"]
[Black "Steinmacher, Josef"]
[Result "0-1"]
[WhiteElo "1478"]
[BlackElo "1949"]
[PlyCount "72"]
[EventDate "2023.??.??"]
[WhiteTeam "Potsdamer SV Mitte e.V."]
[BlackTeam "SF Bad Mergentheim"]

1. d4 Nf6 2. Nf3 e6 3. Bf4 d5 4. e3 Bd6 5. Bg3 O-O 6. Bd3 c5 7. c3 b6 8. Qe2 Bb7 9. Nbd2 Nc6 10. Ne5 Rc8 11. a3 Bb8 12. Ndf3 Ne4 13. Nxc6 Bxc6 14. Bxb8 Rxb8 15. Ne5 Be8 16. Qg4 Nf6 17. Qh3 h6 18. O-O-O Qe7 19. f3 Ba4 20. Rd2 Rfc8 21. g4 Nd7 22. Nxd7 Bxd7 23. f4 f6 24. Qh5 Be8 25. Qh4 Rc7 26. Rg2 cxd4 27. exd4 a5 28. Re1 b5 29. g5 fxg5 30. fxg5 b4 31. axb4 axb4 32. Qh3 bxc3 33. Qxe6+ Qxe6 34. Rxe6 cxb2+ 35. Kb1 Rc1+ 36. Ka2 Ra1# 0-1

[Event "35. DSenEM 65+"]
[Site "Bad Wildungen"]
[Date "2023.07.17"]
[Round "1.53"]
[White "Krien, Hartmut"]
[Black "Kaland, Joachim"]
[Result "1-0"]
[WhiteElo "1943"]
[BlackElo "1458"]
[PlyCount "99"]
[EventDate "2023.??.??"]
[WhiteTeam "Schachklub Heidenau"]
[BlackTeam "Koenigsspr. SC.1984 e.V."]

1. e4 e6 2. d4 d5 3. e5 c5 4. c3 Qb6 5. Nf3 Bd7 6. a4 Nc6 7. Bb5 a6 8. Be2 cxd4 9. cxd4 Bb4+ 10. Nc3 Nge7 11. O-O Bxc3 12. bxc3 O-O 13. Ba3 h6 14. Rb1 Qc7 15. Bd6 Qc8 16. Qb3 Re8 17. Qxb7 Ra7 18. Qb6 Nf5 19. Bc5 Ra8 20. g4 Nfe7 21. Bd6 Ng6 22. Rfc1 Nce7 23. c4 Nf4 24. Bf1 Bxa4 25. cxd5 Nexd5 26. Rxc8 Nxb6 27. Rxe8+ Rxe8 28. Rxb6 Bd1 29. Nd2 a5 30. h3 Rc8 31. Rb8 Rxb8 32. Bxb8 a4 33. Bd6 f6 34. exf6 Nd5 35. Bc4 gxf6 36. Bxd5 exd5 37. Nb1 Bb3 38. Nc3 Kf7 39. f4 Kg6 40. f5+ Kg5 41. Kg2 h5 42. Kg3 h4+ 43. Kf3 Kh6 44. Bf8+ Kh7 45. Kf4 Kg8 46. Ba3 Kf7 47. g5 fxg5+ 48. Kxg5 Kg7 49. Kxh4 Kf6 50. Kg4 1-0

[Event "35. DSenEM 65+"]
[Site "Bad Wildungen"]
[Date "2023.07.17"]
[Round "1.54"]
[White "Semisch, Helga"]
[Black "Lehr, Thomas"]
[Result "0-1"]
[WhiteElo "1408"]
[BlackElo "1937"]
[PlyCount "32"]
[EventDate "2023.??.??"]
[WhiteTeam "SV Schmalkalden 04"]
[BlackTeam "Husumer SV von 1898"]

1. d4 e6 2. e4 d5 3. e5 c5 4. c3 Nc6 5. f4 Qb6 6. Nf3 Bd7 7. b3 cxd4 8. Nxd4 Nxd4 9. Qxd4 Bc5 10. Qd2 d4 11. b4 dxc3 12. Nxc3 Bxb4 13. Bb2 Ne7 14. a3 Ba5 15. Qc2 Rc8 16. Bd3 Nd5 0-1

[Event "35. DSenEM 65+"]
[Site "Bad Wildungen"]
[Date "2023.07.17"]
[Round "1.55"]
[White "Nosek, Reinhard"]
[Black "Pos, Joshua"]
[Result "1-0"]
[WhiteElo "1933"]
[BlackElo "1404"]
[PlyCount "41"]
[EventDate "2023.??.??"]
[WhiteTeam "SSV 1952 Torgau e. V."]
[BlackTeam "SC Papenburg"]

1. e4 e6 2. c4 c5 3. b4 Nh6 4. b5 b6 5. Nc3 Bb7 6. Be2 f5 7. d3 Qc7 8. Nh3 Bd6 9. Bh5+ Nf7 10. Ng5 g6 11. Nxf7 Kxf7 12. Bf3 Be5 13. Bd2 a6 14. exf5 exf5 15. Nd5 Qd6 16. O-O Bxa1 17. Qxa1 axb5 18. Qxh8 Nc6 19. Qxh7+ Ke8 20. Re1+ Kd8 21. Qg8+ 1-0

[Event "35. DSenEM 65+"]
[Site "Bad Wildungen"]
[Date "2023.07.17"]
[Round "1.56"]
[White "Geibel, Henning"]
[Black "Schaefer, Martin"]
[Result "0-1"]
[WhiteElo "1384"]
[BlackElo "1929"]
[PlyCount "94"]
[EventDate "2023.??.??"]
[WhiteTeam "Ahrensburger TSV"]
[BlackTeam "SG Ennepe-Ruhr-Sued e.V."]

1. e4 c5 2. Nf3 e6 3. Bc4 a6 4. a4 d5 5. exd5 exd5 6. Be2 Nc6 7. O-O Bd6 8. d4 cxd4 9. Nxd4 Bxh2+ 10. Kxh2 Qh4+ 11. Kg1 Qxd4 12. c3 Qxd1 13. Bxd1 Be6 14. Bf4 Nf6 15. Re1 O-O 16. Nd2 h6 17. Nf3 g5 18. Be5 Nxe5 19. Nxe5 Rab8 20. Nd3 Rfc8 21. Re3 Kg7 22. Rg3 Ne4 23. Re3 Nd6 24. f4 g4 25. Nf2 h5 26. Re5 Rh8 27. Bb3 Nc4 28. Bxc4 dxc4 29. Ne4 Rh6 30. Ng3 h4 31. Nf5+ Bxf5 32. Rxf5 Rd8 33. Rg5+ Rg6 34. Rc5 Rd2 35. Rb1 h3 36. gxh3 gxh3+ 37. Rg5 Rxg5+ 38. fxg5 Kg6 39. b4 Kxg5 40. Rf1 f5 41. Rf2 Rxf2 42. Kxf2 Kf4 43. Kg1 Ke3 44. b5 f4 45. Kh2 f3 46. Kxh3 f2 47. Kg2 Ke2 0-1

[Event "35. DSenEM 65+"]
[Site "Bad Wildungen"]
[Date "2023.07.18"]
[Round "2.1"]
[White "Schmidt, Gerhard"]
[Black "Chevelevitch, Evgueni"]
[Result "1/2-1/2"]
[WhiteElo "2071"]
[BlackElo "2368"]
[PlyCount "36"]
[EventDate "2023.??.??"]
[WhiteTeam "Schachverein Kreuztal e. V."]
[BlackTeam "Hamburger SK von 1830 eV"]

1. e4 e5 2. Nf3 Nc6 3. Bb5 a6 4. Ba4 Nf6 5. O-O Be7 6. Re1 b5 7. Bb3 d6 8. a4 b4 9. d4 O-O 10. dxe5 dxe5 11. Nbd2 Bc5 12. a5 Qe7 13. Bd5 Nxd5 14. exd5 Nd4 15. Nxe5 Qf6 16. Ndf3 Nxf3+ 17. Qxf3 Qxf3 18. Nxf3 Bb7 1/2-1/2

[Event "35. DSenEM 65+"]
[Site "Bad Wildungen"]
[Date "2023.07.18"]
[Round "2.2"]
[White "Brueggemann, Joachim"]
[Black "Neumann, Joachim"]
[Result "1/2-1/2"]
[WhiteElo "2287"]
[BlackElo "2032"]
[PlyCount "86"]
[EventDate "2023.??.??"]
[WhiteTeam "Erfurter Schachklub"]
[BlackTeam "SC Agon Neumuenster"]

1. e4 c5 2. Nf3 Nc6 3. d4 cxd4 4. Nxd4 Nf6 5. Nc3 e5 6. Ndb5 d6 7. Bg5 a6 8. Bxf6 gxf6 9. Na3 b5 10. Nd5 Bg7 11. c3 Ne7 12. Nxe7 Qxe7 13. Nc2 O-O 14. Ne3 Be6 15. Qh5 Rfd8 16. Bd3 Qf8 17. O-O Bh6 18. Nf5 Bxf5 19. Qxf5 Qg7 20. a4 Rab8 21. axb5 axb5 22. Ra7 Qg5 23. Qf3 Bg7 24. g3 f5 25. Bb1 d5 26. exf5 e4 27. Qe2 Qxf5 28. f3 exf3 29. Qxf3 Qxf3 30. Rxf3 f6 31. Ba2 b4 32. cxb4 Rxb4 33. Rd3 Bf8 34. Rxd5 Rxd5 35. Bxd5+ Kh8 36. Ra8 Kg7 37. b3 Rd4 38. Ra7+ Kh6 39. Rd7 Bc5 40. Kf1 Rd2 41. h4 f5 42. Ke1 Rd3 43. g4 fxg4 1/2-1/2

[Event "35. DSenEM 65+"]
[Site "Bad Wildungen"]
[Date "2023.07.18"]
[Round "2.3"]
[White "Haubt, Georg"]
[Black "Podat, Vladimir"]
[Result "1/2-1/2"]
[WhiteElo "2074"]
[BlackElo "2265"]
[PlyCount "113"]
[EventDate "2023.??.??"]
[WhiteTeam "SV Oberursel"]
[BlackTeam "SC Untergrombach 46"]

1. d4 Nf6 2. Bf4 g6 3. Nc3 d5 4. Nb5 Na6 5. e3 Bg7 6. Be2 O-O 7. h4 h5 8. Nf3 c6 9. Nc3 Qb6 10. Rb1 Bg4 11. Ne5 Bxe2 12. Qxe2 Qd8 13. Nxc6 bxc6 14. Qxa6 Qb6 15. Qa3 Rfe8 16. O-O Nd7 17. Na4 Qa6 18. b3 Nb6 19. Bc7 Bf8 20. Qb4 e5 21. Nc5 Qc8 22. Bxb6 axb6 23. Qxb6 exd4 24. exd4 Rxa2 25. c4 Ree2 26. Nd3 Qf5 27. Rbd1 Re6 28. Qb8 Re4 29. Ra1 Rae2 30. Ne5 Rxd4 31. Ra8 Qxe5 32. Qxf8+ Kh7 33. Qxf7+ Qg7 34. Qf3 Re7 35. cxd5 cxd5 36. Rc1 Rf7 37. Qg3 Rg4 38. Qb8 Rxf2 39. g3 Rxg3+ 40. Kh1 Re3 41. Qd8 Rf7 42. Qg5 Re2 43. Rd8 Rfe7 44. Qxd5 Qb2 45. Qg8+ Kh6 46. Qh8+ Qxh8 47. Rxh8+ Kg7 48. Rhc8 Rb2 49. R8c7 Rxc7 50. Rxc7+ Kf6 51. Rc3 Kf5 52. Rc5+ Kg4 53. Rg5+ Kh3 54. Kg1 Rxb3 55. Kf2 Rb6 56. Kf3 Rb3+ 57. Kf2 1/2-1/2

[Event "35. DSenEM 65+"]
[Site "Bad Wildungen"]
[Date "2023.07.18"]
[Round "2.4"]
[White "Schmidt, Bodo"]
[Black "Paus, Franz"]
[Result "1-0"]
[WhiteElo "2262"]
[BlackElo "2014"]
[PlyCount "63"]
[EventDate "2023.??.??"]
[WhiteTeam "SC 1919 Siegburg e. V."]
[BlackTeam "Schachfuechse Kempen 1986 e. V."]

1. d4 d5 2. Nf3 Nf6 3. Bf4 e6 4. e3 c5 5. Nbd2 Nc6 6. c3 cxd4 7. exd4 Bd6 8. Bg3 Bxg3 9. hxg3 Qb6 10. Rb1 a6 11. Bd3 Qc7 12. Qe2 h6 13. O-O b5 14. Rbc1 O-O 15. Rfe1 Na5 16. Nf1 Nc4 17. Ne5 Bb7 18. Bb1 Nd6 19. Qd3 Nde4 20. f3 Ng5 21. Nh2 h5 22. Qe3 Ngh7 23. g4 hxg4 24. Nhxg4 Nxg4 25. Bxh7+ Kxh7 26. fxg4 g6 27. g5 Rh8 28. Rf1 Raf8 29. Rf6 Kg8 30. Rcf1 Rh7 31. Qf3 Bc8 32. Rxg6+ 1-0

[Event "35. DSenEM 65+"]
[Site "Bad Wildungen"]
[Date "2023.07.18"]
[Round "2.5"]
[White "Keller, Harald"]
[Black "Juhnke, Juergen"]
[Result "1/2-1/2"]
[WhiteElo "2040"]
[BlackElo "2253"]
[PlyCount "41"]
[EventDate "2023.??.??"]
[WhiteTeam "SV Rottweil"]
[BlackTeam "HSK Lister Turm"]

1. e4 c5 2. Nc3 d6 3. g3 g6 4. Bg2 Bg7 5. d3 Nc6 6. Nh3 e6 7. O-O Nge7 8. Be3 O-O 9. Qd2 Rb8 10. Bh6 b6 11. Bxg7 Kxg7 12. f4 e5 13. f5 f6 14. g4 h6 15. Nf2 g5 16. Nh1 b5 17. Ng3 b4 18. Nh5+ Kf7 19. Ne2 a5 20. h4 a4 21. hxg5 1/2-1/2

[Event "35. DSenEM 65+"]
[Site "Bad Wildungen"]
[Date "2023.07.18"]
[Round "2.6"]
[White "Pruefer, Friedbert"]
[Black "Ehlert, Horst"]
[Result "1/2-1/2"]
[WhiteElo "2235"]
[BlackElo "2001"]
[PlyCount "64"]
[EventDate "2023.??.??"]
[WhiteTeam "TSG 1861 Taucha"]
[BlackTeam "SV Laatzen"]

1. d4 d5 2. Bf4 Nf6 3. e3 c5 4. dxc5 e6 5. b4 Bd7 6. c3 b6 7. cxb6 Qxb6 8. a4 a6 9. Nf3 Be7 10. Bd3 O-O 11. O-O Rc8 12. Qb3 Nc6 13. Nbd2 h6 14. h3 Be8 15. Nd4 Bf8 16. Rfb1 e5 17. Nxc6 exf4 18. Nd4 fxe3 19. fxe3 Qc7 20. c4 Qg3 21. N2f3 Ne4 22. Bxe4 dxe4 23. Nd2 Qe5 24. c5 a5 25. Nc4 Qg3 26. Nb6 axb4 27. Nxa8 Rxc5 28. Ne2 Qb8 29. a5 Qxa8 30. a6 Qa7 31. Rc1 Ra5 32. Nd4 Rxa6 1/2-1/2

[Event "35. DSenEM 65+"]
[Site "Bad Wildungen"]
[Date "2023.07.18"]
[Round "2.7"]
[White "Boeven, Manfred"]
[Black "Schulz, Michael"]
[Result "0-1"]
[WhiteElo "2007"]
[BlackElo "2229"]
[PlyCount "42"]
[EventDate "2023.??.??"]
[WhiteTeam "Schachfreunde Geilenkirchen 1984"]
[BlackTeam "SC Zitadelle Spandau 1977 e.V."]

1. d4 Nf6 2. Nc3 d5 3. Bg5 c5 4. Bxf6 gxf6 5. e3 cxd4 6. exd4 e6 7. Qh5 Nc6 8. Nf3 Bd7 9. Bb5 a6 10. Bxc6 Bxc6 11. O-O Qc7 12. Rfe1 O-O-O 13. Re3 Kb8 14. Rb1 Rg8 15. b4 Rg6 16. Nh4 Rh6 17. Qg4 f5 18. Qh3 Be7 19. g3 Rg8 20. Kh1 Rg4 21. f3 Rxd4 0-1

[Event "35. DSenEM 65+"]
[Site "Bad Wildungen"]
[Date "2023.07.18"]
[Round "2.8"]
[White "Buchal, Stephan"]
[Black "Falk, Thomas"]
[Result "1/2-1/2"]
[WhiteElo "2211"]
[BlackElo "1996"]
[PlyCount "48"]
[EventDate "2023.??.??"]
[WhiteTeam "SAbt SV Werder Bremen"]
[BlackTeam "SV Oberursel"]

1. c4 c5 2. g3 g6 3. Bg2 Bg7 4. Nc3 Nc6 5. Nf3 e6 6. d4 cxd4 7. Nb5 d5 8. cxd5 exd5 9. O-O Nge7 10. Nbxd4 O-O 11. Be3 Nf5 12. Nxf5 Bxf5 13. Nd4 Bg4 14. Nxc6 bxc6 15. h3 Bd7 16. Bd4 Bxd4 17. Qxd4 Qb6 18. Rfd1 Rfd8 19. Rac1 Qxd4 20. Rxd4 a5 21. e4 Be6 22. exd5 cxd5 23. g4 Rac8 24. Rxc8 Rxc8 1/2-1/2

[Event "35. DSenEM 65+"]
[Site "Bad Wildungen"]
[Date "2023.07.18"]
[Round "2.9"]
[White "4, Theo-Heinz"]
[Black "Heinig, Wolfram"]
[Result "0-1"]
[WhiteElo "1997"]
[BlackElo "2217"]
[PlyCount "62"]
[EventDate "2023.??.??"]
[WhiteTeam "Hamburger SK von 1830 eV"]
[BlackTeam "SK Zehlendorf e.V."]

1. Nf3 Nf6 2. c4 c5 3. d4 cxd4 4. Nxd4 e6 5. g3 a6 6. Bg2 Qc7 7. b3 Bb4+ 8. Bd2 Be7 9. Nc3 Nc6 10. Nxc6 dxc6 11. O-O O-O 12. Qc2 e5 13. Bg5 Be6 14. Bxf6 Bxf6 15. c5 Be7 16. Na4 Rad8 17. Rad1 Rxd1 18. Rxd1 Rd8 19. Rxd8+ Qxd8 20. a3 Qd4 21. Nb2 Qxc5 22. Qxc5 Bxc5 23. b4 Bd4 24. Nd3 Bc4 25. Bh3 e4 26. Nc5 b6 27. Nxe4 Bxe2 28. Bf1 Bxf1 29. Kxf1 Bb2 30. a4 Ba3 31. a5 b5 0-1

[Event "35. DSenEM 65+"]
[Site "Bad Wildungen"]
[Date "2023.07.18"]
[Round "2.10"]
[White "Rahls, Peter"]
[Black "Zuehlke, Burkhard"]
[Result "0-1"]
[WhiteElo "2214"]
[BlackElo "1980"]
[PlyCount "52"]
[EventDate "2023.??.??"]
[WhiteTeam "SK Zehlendorf e.V."]
[BlackTeam "SGem 1882 Fuerth"]

1. e4 d6 2. d4 Nf6 3. Nc3 g6 4. g3 Bg7 5. Bg2 O-O 6. Nge2 Nbd7 7. h3 c5 8. O-O Rb8 9. Be3 b5 10. e5 dxe5 11. dxc5 b4 12. Na4 Qa5 13. b3 Rd8 14. Qe1 Qc7 15. c6 Nf8 16. f4 Nd5 17. Bf2 exf4 18. Bxd5 Rxd5 19. Nxf4 Rd6 20. Rd1 e5 21. Nd5 Rxd5 22. Rxd5 Bxh3 23. Qe3 Bxf1 24. Kxf1 Qxc6 25. Qd2 Ne6 26. Bxa7 Qa6+ 0-1

[Event "35. DSenEM 65+"]
[Site "Bad Wildungen"]
[Date "2023.07.18"]
[Round "2.11"]
[White "Krueger, Norbert"]
[Black "Ackermann, Hans Werner"]
[Result "1/2-1/2"]
[WhiteElo "1971"]
[BlackElo "2191"]
[PlyCount "168"]
[EventDate "2023.??.??"]
[WhiteTeam "Ratinger Schachklub 1950"]
[BlackTeam "Hammer Sportclub 2008 e. V."]

1. e4 c5 2. c3 Nf6 3. e5 Nd5 4. d4 cxd4 5. cxd4 e6 6. Nf3 b6 7. Nc3 Nxc3 8. bxc3 Qc7 9. Bd2 d6 10. Bd3 Bb7 11. O-O h6 12. Re1 Nd7 13. h4 Be7 14. h5 Rc8 15. Rc1 O-O 16. Bf4 Rfe8 17. Qe2 dxe5 18. Nxe5 Nxe5 19. Bxe5 Bd6 20. f4 Bxe5 21. fxe5 Qe7 22. Qd2 Qh4 23. Qe2 Rc7 24. Rc2 Qg3 25. Qe3 Qxe3+ 26. Rxe3 Bd5 27. Kf1 Rec8 28. Ba6 Bc4+ 29. Bxc4 Rxc4 30. Rd3 b5 31. Ke2 b4 32. Kd2 a5 33. d5 exd5 34. Rxd5 a4 35. Rd4 Rxc3 36. Rxc3 Rxc3 37. Rxb4 Ra3 38. Rb2 Kf8 39. Kc2 Rg3 40. Kb1 Ke7 41. Rb4 Ke6 42. Rxa4 Kxe5 43. Ra7 f6 44. a4 Kd6 45. a5 Kc6 46. Kc2 Rxg2+ 47. Kd3 Rg5 48. Ke4 Kb5 49. Kf4 Rxh5 50. Rxg7 Rh1 51. Ra7 h5 52. Kg3 Rf1 53. Rf7 Rg1+ 54. Kf4 Rh1 55. Ra7 Rf1+ 56. Kg3 Rf5 57. Kh4 Kb4 58. Rh7 Rxa5 59. Rxh5 Re5 60. Rh8 Kc4 61. Kg4 Kd4 62. Kf4 Kd5 63. Ra8 Re1 64. Rd8+ Kc5 65. Kf5 Rf1+ 66. Ke4 Kc6 67. Rd2 Kc5 68. Rd8 Kc6 69. Rd2 Kc7 70. Rd5 Rh1 71. Kf5 Rh5+ 72. Ke6 Rxd5 73. Kxd5 Kd7 74. Ke4 Ke6 75. Kf4 f5 76. Kf3 Ke5 77. Ke3 f4+ 78. Kf3 Kf5 79. Kf2 Ke4 80. Ke2 f3+ 81. Kf2 Kf4 82. Kf1 Ke3 83. Ke1 f2+ 84. Kf1 Kf3 1/2-1/2

[Event "35. DSenEM 65+"]
[Site "Bad Wildungen"]
[Date "2023.07.18"]
[Round "2.12"]
[White "Tuertmann, Dieter"]
[Black "Brock, Friedemann"]
[Result "0-1"]
[WhiteElo "1953"]
[BlackElo "2175"]
[PlyCount "144"]
[EventDate "2023.??.??"]
[WhiteTeam "ESV 1949 Eberswalde e.V."]
[BlackTeam "TSG 1861 Taucha"]

1. d4 Nf6 2. Nf3 e6 3. Bf4 c5 4. c3 Nc6 5. e3 b6 6. Nbd2 Bb7 7. Be2 Rc8 8. O-O Be7 9. h3 O-O 10. Bh2 d5 11. Re1 Bd6 12. Bd3 Bxh2+ 13. Kxh2 Qd6+ 14. Kg1 Rfd8 15. Qe2 e5 16. dxe5 Nxe5 17. Ba6 Nxf3+ 18. Nxf3 Qc7 19. Bxb7 Qxb7 20. Red1 b5 21. Rab1 a5 22. Qc2 Qb6 23. Qf5 g6 24. Qd3 Rb8 25. a3 Ne4 26. Nd2 c4 27. Qd4 Qxd4 28. exd4 Nd6 29. b3 cxb3 30. Nxb3 Ne4 31. Rd3 Rdc8 32. Rc1 a4 33. Nd2 Nxd2 34. Rxd2 b4 35. axb4 Rxb4 36. Rdc2 Rbc4 37. Kh2 a3 38. f3 Rb8 39. Kg3 Rb3 40. h4 f6 41. Kf4 Kf7 42. Ke3 Ke6 43. Kd3 Kd7 44. g4 Ra4 45. Ra2 Kc6 46. f4 Kb5 47. f5 Rc4 48. fxg6 hxg6 49. Rf2 Rc6 50. h5 gxh5 51. gxh5 Ka4 52. Rh2 Rb2 53. Rcc2 Kb3 54. h6 Rxc2 55. Rxc2 f5 56. Rc1 Rxh6 57. Rb1+ Ka2 58. Rb5 Rd6 59. c4 dxc4+ 60. Kxc4 Rf6 61. Re5 f4 62. Re2+ Kb1 63. Re1+ Kb2 64. Re2+ Kc1 65. Re1+ Kd2 66. Ra1 Ra6 67. d5 f3 68. Kb5 Ra8 69. d6 f2 70. d7 Ke2 71. Ra2+ Kf3 72. Ra1 Kg2 0-1

[Event "35. DSenEM 65+"]
[Site "Bad Wildungen"]
[Date "2023.07.18"]
[Round "2.13"]
[White "7, Sergej"]
[Black "Bischoff, Ulrich"]
[Result "1/2-1/2"]
[WhiteElo "2162"]
[BlackElo "1912"]
[Annotator "hugo5"]
[PlyCount "129"]
[EventDate "2023.??.??"]
[WhiteTeam "Luebecker SV von 1873"]
[BlackTeam "Sfr. Erbach"]

{[%evp 0,33,16,28,52,10,29,48,45,41,27,23,36,36,34,17,12,-3,0,-9,18,22,31,3,20,23,24,5,35,23,42,41,35,45,29,26]} 1. e4 e5 2. Nf3 Nf6 3. Nxe5 d6 4. Nf3 Nxe4 5. Nc3 Nxc3 6. dxc3 Be7 7. Be3 Nc6 8. Qd2 Be6 9. O-O-O Qd7 10. Kb1 Bf6 11. h4 a6 12. Nd4 Nxd4 13. cxd4 d5 14. f3 h5 15. Bg5 O-O-O 16. Bxf6 gxf6 17. Qf4 Bf5 18. Be2 Rde8 19. Rd2 Rhg8 20. Rg1 Qe6 21. b3 Kb8 22. Bd1 Qe3 23. Qxe3 Rxe3 24. Kc1 Rg3 25. Re2 Rxe2 26. Bxe2 Bh3 27. Bf1 f5 28. Kd2 f4 29. Ke1 Bf5 30. c3 Kc8 31. Kf2 Kd7 32. Be2 f6 33. c4 c6 34. c5 a5 35. a3 Kc7 36. b4 axb4 37. axb4 Kd7 38. Ra1 Rg8 39. b5 Re8 40. Ra3 Kc7 41. bxc6 Kxc6 42. Rb3 Kc7 43. Rb6 Re6 44. Rxe6 Bxe6 45. g3 Bf5 46. Bb5 Bg6 47. g4 b6 48. cxb6+ Kxb6 49. gxh5 Bxh5 50. Bd7 Bg6 51. Be6 Kc6 52. Bg4 Bh7 53. Bh5 Kd7 54. Bf7 Kd6 55. Kg2 Bd3 56. h5 Bf5 57. Bg6 Ke6 58. Be8 Ke7 59. Bc6 Be6 60. Ba4 Kf8 61. Bc2 Kg7 62. Bg6 Kh6 63. Be8 Kg5 64. Bg6 Kh6 65. Be8 1/2-1/2

[Event "35. DSenEM 65+"]
[Site "Bad Wildungen"]
[Date "2023.07.18"]
[Round "2.14"]
[White "Hassenrueck, Helmut"]
[Black "Vasiljev, Jurij"]
[Result "1-0"]
[WhiteElo "2162"]
[BlackElo "1953"]
[PlyCount "53"]
[EventDate "2023.??.??"]
[WhiteTeam "Schachgesellschaft-Gladbeck 19/2"]
[BlackTeam "Schachfreunde Moers e. V."]

{[%evp 0,53,28,25,20,14,23,-16,30,8,44,50,49,55,63,57,36,22,17,5,-21,-4,-53,-16,92,85,61,75,100,77,103,101,122,98,111,121,107,97,109,97,97,69,76,62,96,207,357,361,562,1133,921,366,29991,29992,29997,29998]} 1. d4 d5 2. Nf3 Nf6 3. c4 c6 4. Nc3 e6 5. e3 Nbd7 6. Bd3 dxc4 7. Bxc4 b5 8. Bd3 a6 9. e4 c5 10. e5 cxd4 11. Nxb5 Nd5 12. Nbxd4 Bb4+ 13. Bd2 Bb7 14. O-O Bxd2 15. Qxd2 Nc5 16. Bc2 O-O 17. b4 Nd7 18. Rfe1 Qe7 19. a3 Rac8 20. Re4 Rfd8 21. Rg4 f5 22. Bxf5 exf5 23. Nxf5 Qe6 24. Rxg7+ Kf8 25. N3d4 Qe8 26. Qh6 Nf4 27. Rxd7+ 1-0

[Event "35. DSenEM 65+"]
[Site "Bad Wildungen"]
[Date "2023.07.18"]
[Round "2.15"]
[White "Walther, Reinhard"]
[Black "Szenetra, Werner"]
[Result "0-1"]
[WhiteElo "1953"]
[BlackElo "2160"]
[PlyCount "60"]
[EventDate "2023.??.??"]
[WhiteTeam "SK 1911 Herzogenaurach e.V."]
[BlackTeam "SV Berenbostel"]

1. d4 d6 2. Nc3 g6 3. Bf4 Bg7 4. e3 Nd7 5. Nf3 e5 6. dxe5 dxe5 7. Bg3 Nh6 8. Bh4 f6 9. Bc4 Nf5 10. Bg3 Nd6 11. Bb3 Nc5 12. Qd5 Nxb3 13. Qxb3 Qe7 14. O-O-O Be6 15. Nd5 Bxd5 16. Qxd5 O-O-O 17. Qc5 Kb8 18. Nd2 h5 19. f3 Qe6 20. Nb3 h4 21. Bf2 h3 22. gxh3 Qxh3 23. Bg3 Nf5 24. Rhg1 Rxd1+ 25. Kxd1 Rd8+ 26. Kc1 Bh6 27. f4 Nxe3 28. Qe7 Qd7 29. Qxd7 Rxd7 30. fxe5 Nf1+ 0-1

[Event "35. DSenEM 65+"]
[Site "Bad Wildungen"]
[Date "2023.07.18"]
[Round "2.16"]
[White "Steinmacher, Josef"]
[Black "Krueger, Erich"]
[Result "1/2-1/2"]
[WhiteElo "1949"]
[BlackElo "2146"]
[PlyCount "77"]
[EventDate "2023.??.??"]
[WhiteTeam "SF Bad Mergentheim"]
[BlackTeam "Schachfreunde Essen-Katernberg"]

1. d4 Nf6 2. Nf3 g6 3. e3 Bg7 4. Nbd2 O-O 5. Bd3 d6 6. O-O Nc6 7. Re1 e5 8. c3 Re8 9. e4 exd4 10. cxd4 Bg4 11. h3 Bd7 12. Nf1 d5 13. e5 Ne4 14. Bxe4 dxe4 15. Rxe4 Bf5 16. Re1 Nb4 17. Ng3 Nc2 18. Re2 Nxa1 19. Nxf5 gxf5 20. Be3 Qd5 21. Qxa1 f6 22. Qb1 Qe4 23. Qd1 Rad8 24. Bg5 Qc6 25. Rc2 Qb6 26. exf6 Bxf6 27. Bxf6 Qxf6 28. Rxc7 Qe6 29. Rxb7 Qxa2 30. Qd2 Rd6 31. Qg5+ Rg6 32. Qxf5 Rg7 33. Rxg7+ Kxg7 34. Qg5+ Kf8 35. Qh6+ Kg8 36. Qg5+ Kf8 37. Qh6+ Kg8 38. Qg5+ Kf8 39. Qh6+ 1/2-1/2

[Event "35. DSenEM 65+"]
[Site "Bad Wildungen"]
[Date "2023.07.18"]
[Round "2.17"]
[White "Kyas, Juergen"]
[Black "Brettschneider, Karl"]
[Result "1-0"]
[WhiteElo "2139"]
[BlackElo "1949"]
[PlyCount "57"]
[EventDate "2023.??.??"]
[WhiteTeam "SV Eiche Reichenbrand"]
[BlackTeam "SC Leinfelden"]

1. e4 c5 2. Nf3 d6 3. d4 cxd4 4. Nxd4 Nc6 5. Nc3 e6 6. Be3 Be7 7. Be2 Nf6 8. O-O O-O 9. f4 Bd7 10. Qe1 e5 11. Nb3 exf4 12. Bxf4 Ne5 13. Rd1 Qb6+ 14. Kh1 Bc6 15. Bf3 Rad8 16. Qg3 Nxf3 17. Bh6 Ne8 18. Rxf3 Kh8 19. Be3 Qc7 20. Bd4 Nf6 21. Rdf1 Rg8 22. Nd2 b6 23. Qh3 Qd7 24. Rf5 Qe6 25. R1f4 h6 26. Nf3 Nxe4 27. Nxe4 Bxe4 28. Rxe4 Qxe4 29. Qxh6# 1-0

[Event "35. DSenEM 65+"]
[Site "Bad Wildungen"]
[Date "2023.07.18"]
[Round "2.18"]
[White "Lehr, Thomas"]
[Black "Babrikowski, Peter"]
[Result "0-1"]
[WhiteElo "1937"]
[BlackElo "2127"]
[PlyCount "48"]
[EventDate "2023.??.??"]
[WhiteTeam "Husumer SV von 1898"]
[BlackTeam "SV Schott Jena"]

1. e4 c5 2. c3 d5 3. exd5 Qxd5 4. d4 Nc6 5. Nf3 Nf6 6. Be2 cxd4 7. cxd4 e6 8. O-O Be7 9. Nc3 Qd8 10. h3 O-O 11. Be3 Nd5 12. Nxd5 Qxd5 13. Qa4 Bd7 14. Qc4 Nb4 15. Ne5 Rfd8 16. Rac1 Be8 17. Bf3 Qxc4 18. Rxc4 f6 19. Rc7 Bd6 20. Rxb7 fxe5 21. dxe5 Bf8 22. Rxb4 Bxb4 23. Bxa8 Rxa8 24. Rc1 Ba5 0-1

[Event "35. DSenEM 65+"]
[Site "Bad Wildungen"]
[Date "2023.07.18"]
[Round "2.19"]
[White "Partenheimer, Axel"]
[Black "Krien, Hartmut"]
[Result "1/2-1/2"]
[WhiteElo "2123"]
[BlackElo "1943"]
[PlyCount "21"]
[EventDate "2023.??.??"]
[WhiteTeam "Duesseldorfer Schachklub 14/25 e"]
[BlackTeam "Schachklub Heidenau"]

1. c4 Nf6 2. Nf3 e6 3. g3 Be7 4. Bg2 d5 5. O-O O-O 6. d4 c6 7. Qc2 b6 8. Rd1 Bb7 9. Nc3 Nbd7 10. b3 Rc8 11. e4 1/2-1/2

[Event "35. DSenEM 65+"]
[Site "Bad Wildungen"]
[Date "2023.07.18"]
[Round "2.20"]
[White "Schaefer, Martin"]
[Black "Knaak, Joachim"]
[Result "1/2-1/2"]
[WhiteElo "1929"]
[BlackElo "2121"]
[PlyCount "45"]
[EventDate "2023.??.??"]
[WhiteTeam "SG Ennepe-Ruhr-Sued e.V."]
[BlackTeam "SV Dresden-Leuben"]

1. d4 Nf6 2. c4 e6 3. g3 d5 4. Nf3 Bb4+ 5. Bd2 a5 6. Bg2 O-O 7. O-O dxc4 8. Qc2 Nc6 9. Rd1 Qe7 10. Qxc4 Rd8 11. Nc3 h6 12. Rac1 Bxc3 13. Bxc3 Nd5 14. Be1 Bd7 15. a3 Nb6 16. Qc2 Rdc8 17. e4 f5 18. Bc3 fxe4 19. Qxe4 Nd5 20. Bf1 Qf7 21. Bd3 Nf6 22. Qh4 Rf8 23. Be1 1/2-1/2